000 00392nam a2200157Ia 4500
008 230524s9999 xx 000 0 und d
082 _a621.38
_bKAM
100 _aRaj Kamal
245 4 _aThe Concepts and Features of Microcontrollers
250 _a1ST
260 _aNEW DELHI
_bS.Chand
_c2005
300 _aXVI;387
500 _aQuantity Number: 2
650 _aElectronics
942 _cBK
999 _c25546
_d25546